| 000 | 01699 a2200169 4500 | ||
|---|---|---|---|
| 003 | NUST | ||
| 005 | 20221201135425.0 | ||
| 040 | _cNust | ||
| 082 | _a537,HUT | ||
| 100 |
_aHutchinson, Robert William. _9103913 |
||
| 245 |
_aElementary technical electricity / _cHutchinson, Robert William. |
||
| 260 |
_aLondon, University _bTutorial Press _c [1949] |
||
| 300 |
_aviii, 406 p. illus., _b ports. 22 cm. |
||
| 505 | _aIntroduction- How over Knowledge of Electricity Begin – With a Glance at Some Old And New Ideas (Page-1), General Principle of Magnetism (Page-17), Magnetic Theory and Units (Page-45), Magnetic Measurements Simple Laboratory and Technical (Page-67), The Earth Magnetism (Page-83), General Principles of Electrostatics (Page-93), Electrostatics Theory and Units (Page-117), General Effects of An Electronic Current (Page-134), General Principles and Units in Current Electricity (Page-143), Simple Theory in Current Electricity (Page-159), The Measurement Effects of Currents Galvano-Metter and other Current Measures (Page-178), The Chemical Effect of Currents Industrial Applications and Accumulators (Page-201), The Heating Effects of Current Lamps and Lighting (Page-226), Electrical Testing (Page-249), Induced Electro Motive Forces And Currents (Page-268), Direct Current Generators (Page-287), Direct Current Motors (Page-395), Alternating Current Alternators and Alternating Current Motors (Page-318), Generation Transmission and Distribution of Power Indoor Wiring Additional Measuring Instruments (Page-335), Some Modern Developments in Radio And Electronics (Page-354). | ||
| 650 |
_aElementary technical electricity. _9103914 |
||
| 942 |
_2ddc _cBK _k537,HUT |
||
| 999 |
_c184193 _d184193 |
||